000 00575nam a2200217 a 4500
001 0001-2091
003 ELIB.Books
008 190723 2010 eng
020 _a0916642321
092 _a264.23
_bRey
100 _aReynolds, William J.
245 _aA Survey of Christian Hymnody
260 _aIllinois
_bHope Publishing Company
_c1987
300 _a301
_c23cm
650 _aWorship
856 _nKBTS Library
_uKBTS Elib
942 _2ddc
_cBK
990 _a4
998 _aEnglishbooks.elf
_ccat
_e2019-07-23
_mcat
_u2019-07-23
999 _c12091
_d12091